The Isabel Factor (Record no. 2502)

MARC details
000 -LEADER
fixed length control field 00349nam a22001337a 4500
008 - FIXED-LENGTH DATA ELEMENTS--GENERAL INFORMATION
fixed length control field 250320b |||||||| |||| 00| 0 eng d
020 ## - INTERNATIONAL STANDARD BOOK NUMBER
ISBN 9781553377382
100 ## - MAIN ENTRY--AUTHOR
Author Friesen, Gayle
245 ## - TITLE STATEMENT
Title The Isabel Factor
260 ## - PUBLICATION, DISTRIBUTION, ETC. (IMPRINT)
Place of publication Canada
Name of publisher KCP Fiction an Imprint of Kids can Press Ltd.
Date of publication 2005
300 ## - COLLATION
Pagination 252p.
942 ## - ADDED ENTRY ELEMENTS (KOHA)
Item type Books
050 ## - LIBRARY OF CONGRESS CALL NUMBER
Classification number PS 8561
Item number .F75
Holdings
Source of classification or shelving scheme Not for loan Permanent location Current location Date acquired Accession No. Full call number Barcode. Koha item type
Library of Congress Classification   Samuel Ogbemudia Main Library, University of Abuja Samuel Ogbemudia Main Library, University of Abuja 03/20/2025 2018/52335 PS 8561.F75 2025-0773 Books